Doctor Who Character Map Quiz Stats

 Plays Quiz not verified by Sporcle

Challenge
Share
Tweet
Score 0/13 Timer 04:00
0 Plays Today
% Correct
Rose Marion Tyler
95.6%
Amelia Jessica 'Amy' Pond
94%
Rory Arthur Williams
93.4%
Donna Noble
93.4%
Martha Jones
93.4%
Melody 'River song' Pond
92.9%
Captain Jack Harkness
92.9%
Clara Oswald
90.7%
Mickey Smith
90.7%
Sarah Jane Smith
89%
Wilfred Mott
84.6%
Jackie Tyler
84.6%
Ashildr
71.4%

You're not logged in!

Compare scores with friends on all Sporcle quizzes.
Join for Free
OR
Log In

You Might Also Like...

Show Comments

Extras

Top Quizzes Today


Score Distribution

Your Account Isn't Verified!

In order to create a playlist on Sporcle, you need to verify the email address you used during registration. Go to your Sporcle Settings to finish the process.

Report this User

Report this user for behavior that violates our Community Guidelines.

Details: